Federal lending and loan insurance /

Bibliographic Details
Main Author: Saulnier, Raymond J. (Raymond Joseph), 1908-2009
Corporate Author: National Bureau of Economic Research
Format: Book
Language:English
Published: Princeton : Princeton University Press, 1958.
Subjects:

MARC

Tag First Indicator Second Indicator Subfields
LEADER 00000cam a2200000 4500
001 in00000080460
005 20151008052923.0
008 720301s1958 nyua b 00010 eng
010 |a  57005480  
035 |a (OCoLC)00253831 
035 |9 AAH5457AM 
040 |a DLC  |c WSU  |d OCL  |d TXA  |d UtOrBLW 
049 |a TXAM  |c [284544] 
050 0 |a HG3729.U5  |b S32 
082 0 |a 332.7 
092 |a 332.7  |b S256f 
100 1 |a Saulnier, Raymond J.  |q (Raymond Joseph),  |d 1908-2009. 
245 1 0 |a Federal lending and loan insurance /  |c by R. J. Saulnier, Harold G. Halcrow [and] Neil H. Jacoby. A study by the National Bureau of Economic Research, New York. 
264 1 |a Princeton :  |b Princeton University Press,  |c 1958. 
300 |a xxx, 566 pages :  |b illustrations ;  |c 24 cm. 
336 |a text  |b txt  |2 rdacontent 
337 |a unmediated  |b n  |2 rdamedia 
338 |a volume  |b nc  |2 rdacarrier 
504 |a Bibliographical footnotes. 
650 0 |a Government lending  |z United States. 
650 0 |a Government insurance  |z United States. 
710 2 |a National Bureau of Economic Research. 
999 |a MARS 
999 f f |s de7505a9-84cb-3050-b7d3-b777294b76a7  |i b1e7d3ea-7aa0-3c5f-b0ca-5d13771b97e6  |t 0 
952 f f |p ric  |a Texas A&M University  |b Rellis Campus  |c Joint Library Facility  |d Remote Storage  |t 0  |e HG3729.U5 S32  |h Library of Congress classification  |i unmediated -- volume  |m A14800738008 
998 f f |a HG3729.U5 S32  |t 0  |l Remote Storage